Veterinary Epidemiology, Diagnosis& Animal Drugs Management For Animal Disease Control (Korea-Cambodia International Cooperation Program), (Record no. 25506)
[ view plain ]
| 000 -LEADER | |
|---|---|
| fixed length control field | 00410nam a22001217a 4500 |
| 040 ## - CATALOGING SOURCE | |
| Transcribing agency | RUA |
| 082 ## - DEWEY DECIMAL CLASSIFICATION NUMBER | |
| Classification number | RUA JOO 2009 C051 Or. |
| 100 ## - MAIN ENTRY--AUTHOR NAME | |
| Personal name | JOO-HO LEE, |
| 245 ## - TITLE STATEMENT | |
| Title | Veterinary Epidemiology, Diagnosis& Animal Drugs Management For Animal Disease Control (Korea-Cambodia International Cooperation Program), |
| 260 ## - PUBLICATION, DISTRIBUTION, ETC. (IMPRINT) | |
| Place of publication | PHNOM PENH |
| Name of publisher | RUA |
| Year of publication | 2009 |
| 300 ## - PHYSICAL DESCRIPTION | |
| Number of Pages | 419p. |
| Other physical details | ill. |
| Dimensions | 29cm. |
| 942 ## - ADDED ENTRY ELEMENTS (KOHA) | |
| Koha item type | សៀវភៅគោល |
| 952 ## - LOCATION AND ITEM INFORMATION (KOHA) | |
| Withdrawn status [LOCAL, KOHA] | 0 |
| Permanent Location | Date acquired | Koha item type | Lost status | Shelving location | Barcode | Current Location | Full call number |
|---|---|---|---|---|---|---|---|
| Library Block C | 2026-02-19 | សៀវភៅគោល | C051 | C034331 | Library Block C | RUA JOO 2009 C051 Or. |